| 000 | 00415nam a22001697a 4500 | ||
|---|---|---|---|
| 005 | 20180412114518.0 | ||
| 008 | 160526b xxu||||| |||| 00| 0 eng d | ||
| 020 | _a978-81-259-2528-6 | ||
| 041 | _aeng | ||
| 082 |
_b5057 _a346.066 |
||
| 100 |
_aBagrial, Ashok Kumar _91273 |
||
| 245 | _aCompany Law | ||
| 260 |
_aNew Delhi _bAcademic Faundation _c2010 |
||
| 300 | _a630 | ||
| 650 |
_aManagement _9241 |
||
| 942 | _cBK | ||
| 999 |
_c1769 _d1768 |
||